000 00904cam a22002774a 4500
001 12011072
003 OSt
005 20180924191256.0
008 000517s2000 enkaf bf 001 0 eng
010 _a 00041187
020 _z
_a 0-74840614X
020 _a9780748406142
040 _aDLC
_cDLC
_dDLC
042 _apcc
050 0 0 _aQR46.5
_b.H36 2000
082 0 0 _aQW 4 H192r 2007
_221
100 _aEdited by Rosamund M. Baird, Norman A. Hodges, Stephen P. Denyer.
_912676
245 0 0 _aHandbook of Microbiological Quality Control :
_bpharmaceuticals and medical devices
260 _aLondon ;
_bTaylor & Francis,
_c2000.
300 _axvi, 254 p., [4] p. of plates :
_bcol.ill:
_c26 cm.
504 _aIncludes bibliographical references and index.
650 0 _aPharmaceuticals
_92321
650 0 _aMicrobiology
_9749
906 _a7
_bcbc
_corignew
_d1
_eocip
_f20
_gy-gencatlg
942 _2z
_cSLOAN
999 _c857
_d857